| 000 | 00497nam a2200145Ia 4500 | ||
|---|---|---|---|
| 008 | 100122s9999 xx 000 0 und d | ||
| 082 |
_b17913 _a823 |
||
| 100 | _aसाठे अण्णाभाऊ | ||
| 245 | _aचिराग नगरची भुतं | ||
| 260 |
_bनवसमाज सहकारी प्रकाशन _c1972 |
||
| 300 | _a103 | ||
| 630 | _aचिराग नगरची भुतं | ||
| 730 | _aचिराग नगरची भुतं | ||
| 942 | _cBOOK | ||
| 999 |
_c407513 _d407510 |
||